<?xml version="1.0" encoding="UTF-8"?>
<record
    xmlns:xsi="http://www.w3.org/2001/XMLSchema-instance"
    xsi:schemaLocation="http://www.loc.gov/MARC21/slim http://www.loc.gov/standards/marcxml/schema/MARC21slim.xsd"
    xmlns="http://www.loc.gov/MARC21/slim">

  <leader>00496nam a2200169Ia 4500</leader>
  <controlfield tag="008">230718s9999    xx            000 0 und d</controlfield>
  <datafield tag="020" ind1=" " ind2=" ">
    <subfield code="a">9788121925730</subfield>
  </datafield>
  <datafield tag="041" ind1=" " ind2=" ">
    <subfield code="a">eng</subfield>
  </datafield>
  <datafield tag="082" ind1=" " ind2=" ">
    <subfield code="a">621.402</subfield>
    <subfield code="b">KHU</subfield>
  </datafield>
  <datafield tag="100" ind1=" " ind2=" ">
    <subfield code="a">Khurmi R.S. </subfield>
    <subfield code="9">141538</subfield>
  </datafield>
  <datafield tag="245" ind1=" " ind2=" ">
    <subfield code="a">Textbook Of Thermal Engineering </subfield>
    <subfield code="b">(S.I. Units)</subfield>
  </datafield>
  <datafield tag="260" ind1=" " ind2=" ">
    <subfield code="c">2019</subfield>
    <subfield code="b">S. Chand &amp; Company Ltd.</subfield>
  </datafield>
  <datafield tag="300" ind1=" " ind2=" ">
    <subfield code="a">895</subfield>
  </datafield>
  <datafield tag="365" ind1=" " ind2=" ">
    <subfield code="c">Rs.</subfield>
    <subfield code="b">725.00</subfield>
  </datafield>
  <datafield tag="700" ind1=" " ind2=" ">
    <subfield code="a">Khurmi R.S.  &amp; Gupta J.K.</subfield>
    <subfield code="9">184777</subfield>
  </datafield>
  <datafield tag="906" ind1=" " ind2=" ">
    <subfield code="d">O:0713904-Mar-2020B:13103-Mar-2020</subfield>
    <subfield code="c">SM</subfield>
    <subfield code="b">181.25</subfield>
  </datafield>
  <datafield tag="999" ind1=" " ind2=" ">
    <subfield code="c">351560</subfield>
    <subfield code="d">351560</subfield>
  </datafield>
  <datafield tag="952" ind1=" " ind2=" ">
    <subfield code="0">0</subfield>
    <subfield code="1">0</subfield>
    <subfield code="4">0</subfield>
    <subfield code="7">0</subfield>
    <subfield code="a">CCEP</subfield>
    <subfield code="b">CCEP</subfield>
    <subfield code="d">2020-03-04</subfield>
    <subfield code="e">Shiv Book Center</subfield>
    <subfield code="f">SM</subfield>
    <subfield code="g">543.75</subfield>
    <subfield code="i">131</subfield>
    <subfield code="l">5</subfield>
    <subfield code="o">621.402</subfield>
    <subfield code="p">CCEP-BK-62771</subfield>
    <subfield code="r">2024-03-02 00:00:00</subfield>
    <subfield code="s">2024-02-20</subfield>
    <subfield code="t">181.25</subfield>
    <subfield code="v">725.00</subfield>
    <subfield code="w">2020-03-03</subfield>
    <subfield code="y">BK</subfield>
    <subfield code="z">062771</subfield>
  </datafield>
</record>
